| 000 | 00559nam a2200193 a 4500 | ||
|---|---|---|---|
| 005 | 20140310183318.0 | ||
| 008 | 051124s19uu xx 00 eng d | ||
| 020 | _a0781795923 | ||
| 050 |
_aRB 113 _b.F63 2000 |
||
| 245 |
_aFocus on pathophysiology / _cBarbara L. Bullock and Reet L. Henze. |
||
| 260 |
_aPhiladelphia : _bLippincott Williams and Wilkins, _c2000. |
||
| 300 |
_axxviii, 1231 p. : _bill. ; _c25 cm. |
||
| 521 | _aNUR | ||
| 650 | _aPathology. | ||
| 650 | _aPhysiology. | ||
| 700 | _aHenze, Reet L. | ||
| 942 |
_cBK _2lcc _kFOR |
||
| 999 |
_c21314 _d21314 |
||